MARC

LEADER 00000nas1a2200000 4500
001 577942
005 20250401124700.0
011 |a 0235-0106 
035 |a (RuTPU)RU\TPU\prd\277395 
035 |a RU\TPU\prd\277318 
090 |a 577942 
100 |a 20180523a19879999k||y0rusy50 ca 
101 0 |a rus 
102 |a RU 
110 |a agaz 0uu0 
200 1 |a Расплавы  |d Russian Metallurgy (Metally)  |z eng  |e научно-технический журнал  |f Российская академия наук (РАН) 
210 |a Москва  |c Наука  |d 1987- 
305 |a Издается с 1987 г. 
326 |a Периодичность - 6 номеров в год 
606 |a Расплавы  |x Физическая химия  |2 stltpush  |3 (RuTPU)RU\TPU\subj\23817  |9 48342 
675 |a 669-154 
712 0 2 |a Российская академия наук  |c (Москва)  |c (1991- )  |3 (RuTPU)RU\TPU\col\51  |9 23156 
801 0 |a RU  |b 63413507  |c 20011210  |g PSBO 
801 2 |a RU  |b 63413507  |c 20190411  |g PSBO 
801 2 |a RU  |b 63413507  |c 20250401  |g PSBO 
856 4 |u https://sciencejournals.ru/journal/raspl/  |z https://sciencejournals.ru/journal/raspl/ 
856 4 |u https://elibrary.ru/title_about.asp?id=7982  |z https://elibrary.ru/title_about.asp?id=7982 
856 4 |u https://link.springer.com/journal/11505  |z https://link.springer.com/journal/11505 
942 |c CF